Logique - Mort Subite #19 - Statistiques

Statistiques générales
  • Ce quiz a été pris 162 fois
  • Le résultat moyen est 3 sur 20
Answers on the Grid
Answers color-coded by a green-red scale on the quiz's grid according to % correct below.
Jules
Truie
Mulet
Autel
Gilet
Peser
Devin
Ouais
Hotel
Motos
Ailes
Alias
Louis
Verre
Penis
Monin
Fixer
Biere
Rhume
Liban
Sucre
Nepal
Tokyo
Dinde
Lapin
Vagin
Ruban
Jetée
Pekin
Poule
Ocean
Judas
Seves
Fémur
Maine
Murir
 
Statistiques - réponses
Réponse % Correct
Jules
54%
Mulet
27%
Gilet
23%
Hotel
19%
Devin
18%
Motos
16%
Lapin
14%
Ruban
14%
Penis
13%
Peser
13%
Vagin
13%
Pekin
12%
Judas
10%
Fémur
9%
Monin
8%
Liban
7%
Fixer
6%
Nepal
6%
Murir
5%
Seves
5%
Aucun quiz correspondant
Distribution des résultats
% des personnes avec chaque résultat
Percentile par nombre de réponses
Votre historique - résultats
Vous n’avez pas pris ce quiz